000
00503nam a2200169Ia 4500
008
090711s9999 xx 000 0 und d
082
_b
28079
100
_a
हसमनीस द. का.
245
_a
सोन्याSाी पाऊल
260
_c
1973
300
_a
148
600
_a
हसमनीस द. का.
630
_a
सोन्याSाी पाऊल
700
_a
हसमनीस द. का.
730
_a
सोन्याSाी पाऊल
942
_c
BOOK
999
_c
298858
_d
298858